000 00270 a2200133 4500
001 194870
040 _cMagnum
100 _aVieira, Adelina Lopes
240 1 0 _aO ramo verde
_lpor
245 1 0 _aO ramo verde
300 _a2
697 _aLITERATURA GERAL
942 _cBK
999 _c194870
_d194870